000 00697nam a2200205Ia 4500
008 140626s9999 xx 000 0 und d
100 _aRichings, C.
245 _aService evaluation of an integrated assessment and treatment service for people with intellectual disability with behavioral and mental health problems /
_cC Richings ... [et al.].
260 _cc2011.
300 _a15 : 1, page 7
440 _aJournal of Intellectual Disabilities
521 _aSPED
650 _a Intellectual disability.
650 _aAssessment and treatment.
650 _aChallenging behavior.
650 _aIntegrated service.
650 _aMental health.
650 _aOutreach.
942 _cSE
999 _c120958
_d120958